Obras [de Ruy Pérez Tamayo] : artículos de divulgación : investigación biomédica, temas médicos /

Gespeichert in:
Bibliographische Detailangaben
1. Verfasser: Pérez Tamayo, Ruy (autor)
Format: Buch
Sprache:Spanisch
Veröffentlicht: México : El Colegio Nacional, 1998, c1998
Schlagworte:
Tags: Tag hinzufügen
Keine Tags, Fügen Sie das erste Tag hinzu!

MARC

LEADER 00000nam^a2200000^a^4500
001 000102210
005 20250521000000.0
009 20260310093304.913
020 |a 970-640-107-5 
037 |a Acervo ITESO - Biblioteca 
041 |a ESP 
082 |a 868.  |b OBR PER V. 6 
100 |a Pérez Tamayo, Ruy  |e (autor) 
240 1 1 |a [Obras de El Colegio Nacional] 
240 1 1 |a [Obras de Ruy Pérez Tamayo] 
245 1 0 |a Obras [de Ruy Pérez Tamayo] :  |b artículos de divulgación : investigación biomédica, temas médicos /  |c R. Pérez Tamayo. 
264 4 |a México :  |b El Colegio Nacional,  |c 1998, c1998 
300 |a 610 p. 
336 |a texto  |b txt  |2 rdacontenido 
337 |a sin mediación  |b n  |2 rdamedio 
338 |a volumen  |b nc  |2 rdasoporte 
649 |a XX 
650 |a Ensayos Mexicanos 
650 |a Ciencia -  |x Difusión 
650 |a Literatura Científica, Profesional y Académica -  |z México 
650 |a Investigación Médica 
650 |a Medicina 
910 |a Fondo General 
920 |a Impresos - Libros 
930 |a Colección General 
940 |a Literatura 
905 |a 101 
901 |a 0500037592  |b IT1  |c LIT  |u 20250521 
902 |a https://opac.biblio.iteso.mx/vufind/Record/000102210